Report on the preliminary inquiry into the State Board of Insurance /

Bibliographic Details
Main Author: Montford, John T., 1943-
Format: Government Document Book
Language:English
Published: [Texas] : J.T. Montford, [1989]
Edition:Rev.
Subjects:

MARC

Tag First Indicator Second Indicator Subfields
LEADER 00000cam a2200000 a 4500
001 in00001070421
005 20150929095845.0
008 890203s1989 txu 00010 eng d
035 |a (OCoLC)19102137 
035 |9 AFN6889AM 
040 |a IKM  |c IKM  |d UtOrBLW 
049 |a IKMd 
086 |a L1803.9 St29 71ri  |2 txdocs 
099 9 |a L1803.9  |a St29  |a 71ri 
100 1 |a Montford, John T.,  |d 1943- 
245 1 0 |a Report on the preliminary inquiry into the State Board of Insurance /  |c Senator John T. Montford. 
250 |a Rev. 
264 1 |a [Texas] :  |b J.T. Montford,  |c [1989] 
300 |a 10 pages, 1 unnumbered leaves :  |b 1 illustration ;  |c 28 cm. 
336 |a text  |b txt  |2 rdacontent 
337 |a unmediated  |b n  |2 rdamedia 
338 |a volume  |b nc  |2 rdacarrier 
500 |a Cover title. 
500 |a "January 23, 1989." 
610 1 0 |a Texas.  |b State Board of Insurance. 
650 0 |a Insurance  |z Texas. 
999 |a MARS 
999 f f |s 430e36f3-3a8a-30de-93c4-46448dac9de5  |i 6d4e335c-8430-3937-895e-b736492cdc89  |t 0 
952 f f |p normal  |a Texas A&M University  |b College Station  |c Sterling C. Evans Library  |d Evans: Texas Documents (Annex 5th floor)  |t 0  |e L1803.9 St29 71ri  |h Superintendent of Documents classification  |i unmediated -- volume  |m A14815844961 
998 f f |a L1803.9 St29 71ri  |t 0  |l Evans: Texas Documents (Annex 5th floor)